000 01324cam a22001934a 4500
005 20250605164051.0
008 250528s ||||||||||||||||||||||||d
035 _a17295
020 _a471965472
040 _aGR-AtMCL
_bgre
_dGR-AtMCL
_eAACR2
245 1 _aTourism and Politics / Policy, Power and Place
260 _bJohn Wiley & Sons, Ltd,
_c1994
300 _a238
520 _aA thorough and penetrating analysis of the political dimensions of tourism by examining the variety of scales and areas in which tourism and politics interact. Preface, Introduction: The Politics of Tourism, Tourism and Government and the State: Tourism and the Policy-Making Process, International Tourism Policy and International Relations, Tourism and Political Stability: The Implications of Revolution and Terrorism and Political Violence for Tourism, Policy and Dependency and Tourism: The Politics of Tourism Development, Tourism and the Local State: Development and Image and Interests at the Community Level, Tourism and Culture and the Presentation of Social Reality, Situating Tourism in Capitalist Society: Towards an Understanding of Tourism Politics and Policy and Place, References, Author and Place Name and Subject Index.
700 1 _aHall Colin Micahel
_93451
942 _cBK
999 _c2723
_d2723